Hay otros hombres (Record no. 92408)

MARC details
000 -LEADER
campo de control de longitud fija 00448nam a2200157 i 4500
001 - NÚMERO DE CONTROL
campo de control 92408
003 - IDENTIFICADOR DE NÚMERO DE CONTROL
campo de control ES-MaACL
007 - CAMPO FIJO DE DESCRIPCIÓN FÍSICA--INFORMACIÓN GENERAL
campo de control de longitud fija t|
008 - DATOS DE LONGITUD FIJA--INFORMACIÓN GENERAL
campo de control de longitud fija 050307s1953 sp ||||1| spa d
100 1# - ENTRADA PRINCIPAL--NOMBRE DE PERSONA
Nombre de persona Linares, Luisa-María.
9 (RLIN) 72339
245 10 - MENCIÓN DEL TÍTULO
Título Hay otros hombres
Resto del título : (siete novelas cortas) /
Mención de responsabilidad, etc. Luisa-María Linares.
250 ## - MENCION DE EDICION
Mención de edición [1ª ed.].
260 ## - PUBLICACIÓN, DISTRIBUCIÓN, ETC.
Lugar de publicación, distribución, etc. Barcelona :
Nombre del editor, distribuidor, etc. Juventud,
Fecha de publicación, distribución, etc. [1953]
300 ## - DESCRIPCIÓN FÍSICA
Extensión 191 p. ;
Dimensiones 20 cm.
852 ## - LOCALIZACIÓN
Ubicación ES-MaACL
Número de control de estantería C-6249
Sublocalización o colección R.35006
Holdings
Estatus retirado Estado de pérdida Estado de daño No para préstamo Biblioteca de origen Biblioteca actual Ubicación en estantería Fecha de adquisición Fuente de adquisición Total de préstamos Signatura topográfica completa Código de barras Visto por última vez Precio de reemplazo Tipo de ítem Koha
        Biblioteca del Ateneo de Madrid Biblioteca del Ateneo de Madrid Sala Palomar 17/01/2008     C-6249 1096475 23/02/2023 23/02/2023 Libro impreso